Manchester United Top 10 Players of All-Time - Statistics

General Stats
  • This quiz has been taken 711 times
  • The average score is 8 of 10
Answer Stats
Answer % Correct
Cristiano Ronaldo
97%
Ryan Giggs
94%
Wayne Rooney
92%
George Best
90%
Eric Cantona
83%
Paul Scholes
83%
Roy Keane
83%
Bobby Charlton
82%
Denis Law
58%
Duncan Edwards
20%
No matching quizzes found
Score Distribution
Percent of People with Each Score
Percentile by Number Answered
Your Score History
You have not taken this quiz